UK market outlook (Record no. 83916)

MARC details
000 -LEADER
fixed length control field 01050cad a22002055a 4500
001 - CONTROL NUMBER
control field L155756
008 - FIXED-LENGTH DATA ELEMENTS--GENERAL INFORMATION
fixed length control field 120416s2012 xxk 000 0 eng d
035 ## - SYSTEM CONTROL NUMBER
System control number (Sirsi) u155756
041 0# - LANGUAGE CODE
Language code of text/sound track or separate title eng
110 2# - MAIN ENTRY--CORPORATE NAME
Corporate name or jurisdiction name as entry element Knight Frank
9 (RLIN) 1530
245 00 - TITLE STATEMENT
Title UK market outlook
Remainder of title commercial property review - April 2012
Medium [electronic resource]
260 ## - PUBLICATION, DISTRIBUTION, ETC.
Place of publication, distribution, etc. London
Name of publisher, distributor, etc. Knight Frank
Date of publication, distribution, etc. 2012
490 #0 - SERIES STATEMENT
Series statement Knight Frank UK Market Outlook Commercial Property Review
Volume/sequential designation April 2012
520 ## - SUMMARY, ETC.
Summary, etc. Provides an update for April 2012 on the key investment, financial and economic indicators relevant to the UK commercial property market, along with expectations for future performance. Financial indicators - Economic outlook - Property performance - The high street soldiers on - Knight Frank comments.
590 ## - LOCAL NOTE (RLIN)
Local note KA
651 #4 - SUBJECT ADDED ENTRY--GEOGRAPHIC NAME
Geographic name United Kingdom
690 ## - LOCAL SUBJECT ADDED ENTRY--TOPICAL TERM (OCLC, RLIN)
Topical term or geographic name as entry element Commercial property
9 (RLIN) 6227
856 40 - ELECTRONIC LOCATION AND ACCESS
Uniform Resource Identifier <a href="https://my.knightfrank.com/research/?regionid=2">https://my.knightfrank.com/research/?regionid=2</a>
Public note View the report (Click on UK and Commercial links in the refine box, then click on title) at myknightfrank.com
942 ## - ADDED ENTRY ELEMENTS (KOHA)
Suppress in OPAC 0
Holdings
Withdrawn status Lost status Source of classification or shelving scheme Damaged status Not for loan Home library Current library Shelving location Date acquired Total Checkouts Full call number Barcode Date last seen Copy number Price effective from Koha item type
    Dewey Decimal Classification     Virtual Virtual Online 15/04/2012   ONLINE PUBLICATION 155756-2001 06/08/2019 1 06/08/2019 Book